[Event "Challenge"]
[Site "http://www.queenalice.com/game.php?id=296892"]
[Date "2007.11.2"]
[Round "-"]
[White "cleriston"]
[Black "MHP20000"]
[Result "1-0"]
[WhiteElo "1790"]
[BlackElo "1683"]

1. e4 e5 2. Nf3 Nc6 3. Bc4 h6 4. O-O Bc5 5. Nc3 Nf6 6. d3 d6 7. Nd5 O-O 8. h3
Nb4 9. Bd2 Nbxd5 10. exd5 c6 11. dxc6 bxc6 12. b4 Bb6 13. Nh4 d5 14. Bb3 e4 15.
Re1 exd3 16. cxd3 Nd7 17. Qg4 Ne5 18. Qg3 Bd4 19. Rac1 Qf6 20. Bf4 Nxd3 21. Qxd3
Qxf4 22. Bc2 Bxf2+ 23. Kh1 f6 24. Qh7+ Kf7 25. Bg6# 1-0

[Event "Challenge"]
[Site "http://www.queenalice.com/game.php?id=301777"]
[Date "2007.11.10"]
[Round "-"]
[White "MHP20000"]
[Black "Landoaldojr"]
[Result "1-0"]
[WhiteElo "1652"]
[BlackElo "1538"]

1. e4 e5 2. Nf3 Bd6 3. Bc4 Nh6 4. d3 Qf6 5. Bg5 Qg6 6. Nc3 f6 7. Bxh6 Qxh6 8.
O-O c6 9. d4 exd4 10. Qxd4 Be7 11. e5 fxe5 12. Nxe5 d5 13. Bd3 O-O 14. h3 Rf4
15. Qe3 Bg5 16. Qc5 Nd7 17. Nxd7 Bxd7 18. Ne2 b6 19. Qc3 d4 20. Qc4+ Rf7 21.
Qxd4 Re8 22. Ng3 Bf6 23. Qb4 c5 24. Qb3 Be6 25. Bc4 Bd4 26. Ne4 Be5 27. Rad1 Qg6
28. Bxe6 Rxe6 29. Rd8+ Rf8 30. Rfd1 Bd4 31. Rxf8+ Kxf8 32. Ng3 Rf6 33. Rf1 h5
34. Qd5 Rd6 35. Qa8+ Kf7 36. Qb7+ Ke6 37. Re1+ Be5 38. Qc8+ Rd7 39. Qc6+ Rd6 40.
Qc8+ Kf6 41. Ne4+ Kf7 42. Qc7+ Kg8 43. Nxd6 Bxd6 44. Qd8+ Bf8 45. c3 Kh7 46.
Qxf8 h4 47. Qe7 a5 48. Qe4 Qxe4 49. Rxe4 1-0

[Event "Challenge"]
[Site "http://www.queenalice.com/game.php?id=309175"]
[Date "2007.11.24"]
[Round "-"]
[White "Landoaldojr"]
[Black "MHP20000"]
[Result "1-0"]
[WhiteElo "1471"]
[BlackElo "1704"]

1. e4 e5 2. Bd3 Nc6 3. Nc3 Bc5 4. Qe2 Nf6 5. a3 d6 6. h3 O-O 7. Nd5 Be6 8. c4
Nd4 9. Qd1 c6 10. Ne3 h6 11. Nf3 Qa5 12. O-O b5 13. b4 Bxb4 14. Bb2 Bxd2 15.
Nxd2 Rab8 16. Nb3 Nxb3 17. Qxb3 bxc4 18. Qc3 Qxc3 19. Bxc3 cxd3 20. Nf5 Rfd8 21.
Ne7+ Kh7 22. Nxc6 Nxe4 23. Nxd8 Rxd8 24. Bb4 Rc8 25. Rfe1 d5 26. f3 Nf6 27. Rxe5
Rc2 28. Rd1 Nd7 29. Re3 Bf5 30. g4 Re2 31. Re7 Ne5 32. Rxe5 Rxe5 33. gxf5 Rxf5
34. Rxd3 Rg5+ 35. Kf2 Rh5 36. f4 Rf5 37. Kf3 a6 38. a4 Kg6 39. Bc3 f6 40. Bd2
Kh5 41. Kg3 Kg6 42. h4 Kh5 43. Rd4 Kg6 44. Kg4 h5+ 45. Kh3 Kh6 46. Kg3 Kg6 47.
Ba5 Kh6 48. Bc7 Kg6 49. a5 Kh6 50. Bb6 Kg6 51. Rb4 Kh6 52. Bd4 Kg6 53. Rb6 Kf7
54. Rxa6 Ke7 55. Ra7+ Kf8 56. a6 1-0

[Event "Challenge"]
[Site "http://www.queenalice.com/game.php?id=326518"]
[Date "2007.12.27"]
[Round "-"]
[White "elefante266"]
[Black "MHP20000"]
[Result "1/2-1/2"]
[WhiteElo "1704"]
[BlackElo "1674"]

1. e4 e5 2. Nf3 Nc6 3. Bb5 d6 4. Bxc6+ bxc6 5. d3 h6 6. Be3 Nf6 7. Nbd2 Be7 8.
d4 exd4 9. Nxd4 Bb7 10. Nf5 O-O 11. Qe2 c5 12. f3 Qd7 13. Nxe7+ Qxe7 14. O-O Qe6
15. c4 Ba6 16. b3 Rab8 17. Bf4 Nh5 18. Qe3 Rfe8 19. Rae1 Nxf4 20. Qxf4 Bb7 21.
Rf2 Bc6 22. Rfe2 a5 23. e5 dxe5 24. Qxe5 Qd7 25. Qc3 Rxe2 26. Rxe2 a4 27. Qe5
axb3 28. axb3 Ra8 29. Qxc5 Ra2 30. Qe3 Qd8 31. g3 Ra1+ 32. Kf2 Qd6 33. Qe5 Qa3
34. Re1 Ra2 35. Qc3 Qc5+ 36. Re3 Qf5 37. Re2 Qh3 38. Ke3 Qe6+ 39. Kf2 Qh3 40.
Ke3 Qf5 41. Qd3 Qc5+ 42. Qd4 Qg5+ 43. Qf4 Qe7+ 44. Kd3 Qd7+ 45. Qd4 Qc8 46. Ne4
Ra3 47. Nd2 Qf5+ 48. Ke3 Bxf3 49. Rf2 Ra2 50. Rxf3 Qg5+ 51. Rf4 Qe7+ 52. Re4
Qg5+ 53. Rf4 Qe7+ 54. Re4 Qg5+ 55. Rf4 Qe7+ 1/2-1/2

[Event "AUTO-INT-605"]
[Site "http://www.queenalice.com/game.php?id=338820"]
[Date "2008.1.19"]
[Round "2"]
[White "Tessaro"]
[Black "MHP20000"]
[Result "0-1"]
[WhiteElo "1684"]
[BlackElo "1675"]

1. d4 d5 2. Nf3 Bf5 3. Bf4 Nc6 4. e3 Nb4 5. Bd3 Bxd3 6. cxd3 e6 7. a3 Nc6 8.
Nbd2 h6 9. O-O Nf6 10. b4 Be7 11. b5 Na5 12. a4 b6 13. Ne5 Bd6 14. Ndf3 Nh5 15.
Nxf7 Kxf7 16. Bxd6 Qxd6 17. Ne5+ Ke7 18. Qxh5 Rhf8 19. Ng6+ Kd7 20. Nxf8+ Rxf8
21. Qe5 Qe7 22. Rfc1 c6 23. Rc2 Rc8 24. Rac1 g5 25. e4 Nb3 26. bxc6+ Ke8 27.
Qh8+ Qf8 28. Qxf8+ Kxf8 29. exd5 Nxc1 30. Rxc1 exd5 31. Kf1 Rc7 32. a5 bxa5 33.
Rc5 Ke7 34. Rxa5 Kd6 35. Ra6 Rxc6 36. Rxa7 Ke6 37. Rh7 Kf5 38. Ke2 Re6+ 39. Kd2
Rd6 40. Re7 Kf6 41. Re5 Kg6 42. Ke3 Kf6 43. f4 g4 44. g3 Kg6 45. Kf2 Kf7 46. Kg2
Kf6 47. h3 gxh3+ 48. Kxh3 Kg6 49. Kh4 h5 50. g4 hxg4 51. Kxg4 Kf6 52. f5 Kg7 53.
Kg5 Kf7 54. Re2 Ra6 55. Kf4 Kf6 56. Rc2 Rb6 57. Rc8 Rb3 58. Rc6+ Ke7 59. f6+ Kf7
60. Ke5 Rxd3 61. Rc7+ Ke8 62. f7+ Kf8 63. Kxd5 Rf3 0-1

[Event "AUTO-INT-605"]
[Site "http://www.queenalice.com/game.php?id=338821"]
[Date "2008.1.19"]
[Round "2"]
[White "MHP20000"]
[Black "Tessaro"]
[Result "1-0"]
[WhiteElo "1663"]
[BlackElo "1868"]

1. e4 e5 2. Nf3 Nc6 3. Bc4 Na5 4. Nxe5 Nxc4 5. Nxc4 d5 6. exd5 Qxd5 7. Ne3 Qa5
8. Qe2 Be7 9. Nc3 Nf6 10. h3 Be6 11. O-O O-O-O 12. a3 g5 13. b4 Qe5 14. Bb2 g4
15. Nb5 Qxb2 16. Nc3 Rxd2 17. Qxd2 Rd8 18. Qe1 gxh3 19. Rb1 Qxa3 20. b5 hxg2 21.
Nxg2 Bb4 22. Qe3 Qxc3 23. Qxa7 Qa3 24. Qxa3 Bxa3 25. Ra1 Rd2 26. Rxa3 Rxc2 27.
Ra8+ Kd7 28. Rd1+ Ke7 29. Ra7 Bd5 30. Nf4 Bf3 31. Re1+ Kf8 32. Ra8+ Kg7 33. Rd8
Ng4 34. Nh3 c5 35. Rd3 Nxf2 36. Nxf2 Be2 37. Rg3+ Kf8 38. b6 c4 39. Ne4 Bd3 40.
Nd6 Re2 41. Rxe2 Bxe2 42. Nxb7 1-0

[Event "AUTO-INT-604"]
[Site "http://www.queenalice.com/game.php?id=371683"]
[Date "2008.3.15"]
[Round "2"]
[White "piemme"]
[Black "MHP20000"]
[Result "1-0"]
[WhiteElo "1792"]
[BlackElo "1667"]

1. c4 Nc6 2. d3 e5 3. e4 Nd4 4. Nf3 Bb4+ 5. Bd2 Bc5 6. Bc3 d6 7. Be2 Nf6 8. b3
Bg4 9. a4 O-O 10. b4 Nxf3+ 11. Bxf3 Bxf3 12. Qxf3 Bd4 13. Bxd4 exd4 14. O-O Qe7
15. b5 a6 16. e5 dxe5 17. Qxb7 axb5 18. Qxb5 Rfb8 19. Qc6 h6 20. Nd2 Rc8 21.
Rfe1 Qb4 22. Ne4 Nh5 23. Qd5 Rxa4 24. Qxe5 Rca8 25. Qxd4 Nf4 26. Rab1 Qa5 27. h3
Ra3 28. Red1 Ne2+ 29. Kf1 Nxd4 30. Kg1 Qe5 31. g3 1-0

[Event "AUTO-INT-604"]
[Site "http://www.queenalice.com/game.php?id=371684"]
[Date "2008.3.15"]
[Round "2"]
[White "MHP20000"]
[Black "piemme"]
[Result "0-1"]
[WhiteElo "1656"]
[BlackElo "1803"]

1. e4 c5 2. Nc3 d6 3. h3 Nc6 4. Nf3 Nf6 5. Bb5 Bd7 6. d3 a6 7. Bxc6 Bxc6 8. O-O
Nd7 9. Bf4 f6 10. a3 Qb6 11. b3 g5 12. Be3 Qc7 13. Nd5 Bxd5 14. exd5 Nb6 15. c4
Nd7 16. d4 h5 17. dxc5 Nxc5 18. Bxc5 Qxc5 19. Nd4 Rc8 20. Qd3 h4 21. Qg6+ Kd7
22. Qf5+ Ke8 23. Ne6 Qa7 24. Nxf8 Qa8 25. Ne6 b5 26. Rac1 bxc4 27. bxc4 Qb7 28.
c5 Rh6 29. c6 Qb8 30. Rb1 Qa8 31. Rb7 a5 0-1

[Event "AUTO-INT-604"]
[Site "http://www.queenalice.com/game.php?id=371687"]
[Date "2008.3.15"]
[Round "2"]
[White "Altos"]
[Black "MHP20000"]
[Result "1-0"]
[WhiteElo "1717"]
[BlackElo "1639"]

1. e4 e5 2. Nf3 Nc6 3. Bb5 d6 4. Bxc6+ bxc6 5. d4 exd4 6. Nxd4 c5 7. Nf5 g6 8.
Ne3 Nf6 9. Nd5 Nxe4 10. Ne3 Ba6 11. Nd2 Nf6 12. Qf3 Bb5 13. b3 Bg7 14. c4 Bd7
15. Bb2 O-O 16. Rb1 Qe7 17. O-O Rab8 18. Rfe1 Qd8 19. Nd5 Be6 20. Nxf6+ Bxf6 21.
Bxf6 Qd7 22. Bc3 Bg4 23. Qg3 Bf5 24. Rbc1 Bg4 25. h3 Bh5 26. Re4 Qf5 27. Qf4
Qxf4 28. Rxf4 Rfe8 29. Re4 Red8 30. Bf6 Re8 31. Rce1 Rxe4 32. Rxe4 Bd1 33. Re7
Rc8 34. Nf3 Bxf3 35. gxf3 Kf8 36. Kg2 c6 37. Rxa7 d5 38. Be7+ Kg7 39. Bxc5 dxc4
40. bxc4 Kf6 41. Bd6 Ke6 42. Rc7 Ra8 43. Bf4 Rxa2 44. Rxc6+ Kf5 45. Be3 Ke5 46.
c5 Rc2 47. Rc8 Kd5 48. Kg3 Ke6 49. c6 Kd6 50. Bf4+ Ke7 51. c7 1-0

[Event "AUTO-INT-604"]
[Site "http://www.queenalice.com/game.php?id=371691"]
[Date "2008.3.15"]
[Round "2"]
[White "MHP20000"]
[Black "lucianoso"]
[Result "0-1"]
[WhiteElo "1642"]
[BlackElo "1957"]

1. e4 e5 2. Nf3 Nf6 3. Nc3 Bb4 4. Bc4 Nc6 5. Ng5 O-O 6. O-O h6 7. Nxf7 Rxf7 8.
Bxf7+ Kxf7 9. Qf3 d6 10. Nd5 Nd4 11. Qd3 Bc5 12. c3 Ne6 13. Qf3 Ng5 14. Qe2
Ngxe4 15. Ne3 d5 16. d3 Bg4 17. f3 Nxc3 18. bxc3 Bd7 19. Kh1 Kg8 20. c4 d4 21.
Nd5 Nxd5 22. cxd5 Bf5 23. Rb1 b6 24. Rb5 Qxd5 25. Ba3 c6 26. Rb3 Bxa3 27. Rxa3
Qd6 28. Rb3 c5 29. Qc2 Be6 0-1

[Event "AUTO-INT-604"]
[Site "http://www.queenalice.com/game.php?id=371692"]
[Date "2008.3.15"]
[Round "2"]
[White "lucianoso"]
[Black "MHP20000"]
[Result "1-0"]
[WhiteElo "1953"]
[BlackElo "1646"]

1. c4 Nc6 2. Nc3 e5 3. Nf3 Bc5 4. e3 d6 5. d4 exd4 6. exd4 Bb4 7. Bd3 Nf6 8. O-O
O-O 9. Re1 h6 10. d5 Ne5 11. Nxe5 dxe5 12. Rxe5 Qd6 13. Bf4 Qb6 14. Qf3 Ng4 15.
Re2 Bd7 16. h3 Nxf2 17. Rxf2 Bc5 18. Kf1 Bxf2 19. Qxf2 Qxf2+ 20. Kxf2 Rac8 21.
Re1 Rfe8 22. Rxe8+ Rxe8 23. Bxc7 Rc8 24. d6 Re8 25. c5 Re6 26. Nd5 Kf8 27. Bf5
Ke8 28. Bxe6 fxe6 29. Ne3 1-0

[Event "Challenge"]
[Site "http://www.queenalice.com/game.php?id=410898"]
[Date "2008.5.31"]
[Round "-"]
[White "MHP20000"]
[Black "elefante266"]
[Result "0-1"]
[WhiteElo "1619"]
[BlackElo "1708"]

1. e4 e5 2. Nf3 Nc6 3. Nc3 d6 4. Bc4 Bg4 5. h3 Bxf3 6. Qxf3 Qd7 7. d3 O-O-O 8.
Nd5 Nd4 9. Qd1 f5 10. exf5 Qxf5 11. O-O Nf6 12. Ne3 Qg6 13. c3 Nf5 14. Be6+ Kb8
15. Bxf5 Qf7 16. Qf3 d5 17. b3 g6 18. Bg4 Bd6 19. Qd1 h5 20. Bf3 c6 21. b4 e4
22. dxe4 dxe4 23. Be2 Be5 24. Qc2 Nd5 25. Qxe4 Bxc3 26. Rb1 Nf4 27. Bc4 Qf6 28.
Nc2 Be5 29. Bb2 Bxb2 30. Rxb2 Nxh3+ 31. gxh3 Qxb2 32. Qf4+ Ka8 33. Qe4 Qc3 34.
Qxg6 Qxc4 35. Qf5 Rhg8+ 36. Kh2 Qxf1 37. Ne3 Qg1# 0-1

[Event "Challenge"]
[Site "http://www.queenalice.com/game.php?id=424129"]
[Date "2008.6.27"]
[Round "-"]
[White "pierjean"]
[Black "MHP20000"]
[Result "0-1"]
[WhiteElo "1378"]
[BlackElo "1607"]

1. e4 e5 2. f4 Qh4+ 3. g3 Qf6 4. fxe5 Qxe5 5. Bg2 Nf6 6. Ne2 Bc5 7. d4 Bxd4 8.
Nxd4 O-O 9. Nc3 d5 10. O-O Nc6 11. Nxc6 bxc6 12. Rxf6 Qxf6 13. Be3 Be6 14. Qd2
Rad8 15. Bg5 dxe4 16. Qf4 Qd4+ 17. Kf1 Rd7 18. Bxe4 Bc4+ 19. Ne2 Bxe2+ 20. Kxe2
Qxb2 21. Rd1 Qb5+ 22. Rd3 Rxd3 23. Bxd3 Re8+ 24. Kd2 Qa5+ 25. Kd1 Re1# 0-1

[Event "Challenge"]
[Site "http://www.queenalice.com/game.php?id=440148"]
[Date "2008.7.28"]
[Round "-"]
[White "RicardoFialho"]
[Black "MHP20000"]
[Result "1-0"]
[WhiteElo "1894"]
[BlackElo "1624"]

1. e4 e5 2. Nf3 Nc6 3. Nc3 Nf6 4. a3 Bc5 5. h3 h6 6. Bc4 O-O 7. O-O d6 8. d3 Nd4
9. Na4 b5 10. Nxc5 bxc4 11. Nxd4 dxc5 12. Nf3 cxd3 13. cxd3 Ba6 14. Ne1 Nxe4 15.
Be3 Qd6 16. Rc1 Rab8 17. b3 Rfd8 18. f3 Nf6 19. Bxc5 Qd5 20. Bxa7 Rxb3 21. Rxc7
Rxa3 22. Rc5 Qd4+ 23. Rf2 Ra2 24. Rc8 Qxa7 25. Rxd8+ Kh7 26. d4 Rxf2 27. Kxf2 e4
28. Qb1 Qe7 29. Rb8 1-0

[Event "Challenge"]
[Site "http://www.queenalice.com/game.php?id=441807"]
[Date "2008.7.31"]
[Round "-"]
[White "andresalles"]
[Black "MHP20000"]
[Result "1/2-1/2"]
[WhiteElo "1852"]
[BlackElo "1614"]

1. e4 e5 2. Bc4 Nf6 3. Nf3 Nc6 4. Ng5 d5 5. exd5 Nxd5 6. Qf3 Qxg5 7. Bxd5 Qg6 8.
Bxc6+ bxc6 9. Nc3 Bg4 10. Qg3 Bd6 11. h3 Bf5 12. Qxg6 Bxg6 13. d3 h6 14. O-O O-O
15. Ne4 Bxe4 16. dxe4 Rad8 17. Be3 a6 18. a3 Be7 19. b4 Rd6 20. Bc5 Rd7 21. Bxe7
Rxe7 22. Rad1 Ra8 23. Rd3 a5 24. Rc3 axb4 25. axb4 Rb8 26. Rc4 Rb6 27. Rd1 Re8
28. Rd7 Rb7 29. Rxc6 Rxb4 30. Rcxc7 Rxe4 31. Rxf7 Re1+ 32. Kh2 Re2 33. Rxg7+ Kh8
34. Rh7+ Kg8 35. Rxh6 Rxf2 36. Rch7 Ref8 37. c4 e4 38. Re7 R2f4 39. Rhh7 R8f7
40. Rhxf7 Rxf7 41. Rxe4 Rc7 42. g4 Kg7 43. Kg3 Rc5 44. h4 Kg6 45. Kf4 Kf6 46.
g5+ Kg6 47. Kg4 Ra5 48. Re7 Rxg5+ 49. hxg5 1/2-1/2